| 000 | 00382nam a2200145Ia 4500 | ||
|---|---|---|---|
| 005 | 20241008053933.0 | ||
| 008 | 240331s9999 xx 000 0 und d | ||
| 082 |
_bGOO _a820 |
||
| 100 | _aGoonetileke, H.A.I | ||
| 245 | 0 |
_aLanka, their Lanka : _bcameos of Ceylon through other eyes |
|
| 260 |
_aNew Delhi _bNavrang _c1984 |
||
| 300 | _a69 p ., | ||
| 650 | _aShort Stories | ||
| 942 | _cL | ||
| 999 |
_c3175 _d3175 |
||